[Event "Pan American-ch Hybrid U16 Girls 31st"]
[Site "Tornelo INT"]
[Date "2021.09.04"]
[Round "8"]
[White "Tec Rodas, Sofia Isavelina"]
[Black "Milanesi, Adriane"]
[Result "1-0"]
[WhiteElo "1543"]
[BlackElo "1273"]
[PlyCount "67"]
[EventDate "2021.09.04"]
[EventType "swiss"]
[EventRounds "9"]
[EventCountry "NET"]
[SourceTitle "EXT 2023"]
[Source "ChessBase"]
[SourceDate "2022.10.05"]
[SourceVersion "1"]
[SourceVersionDate "2022.10.05"]
[SourceQuality "1"]

1. e4 e5 2. Nf3 Nc6 3. d4 exd4 4. Bc4 Be7 5. c3 dxc3 6. Qd5 Nh6 7. Bxh6 0-0 8. Bxg7 Kxg7 9. Nxc3 d6 10. 0-0-0 Be6 11. Qd3 Bg5+ 12. Kb1 Bg4 13. Qc2 Ne5 14. Nxe5 Bxd1 15. Rxd1 a6 16. Qe2 b5 17. Bb3 c5 18. Qg4 c4 19. Bc2 b4 20. Nc6 Qf6 21. Nd5 Qxf2 22. Qxg5+ Kh8 23. Qf6+ Qxf6 24. Nxf6 Kg7 25. Rxd6 c3 26. Nh5+ Kh8 27. e5 Rg8 28. g3 Rge8 29. Rh6 Re6 30. Rxh7+ Kg8 31. Nf6+ Rxf6 32. exf6 Re8 33. Ne7+ Kf8 34. Rh8# 1-0